Obálka Náhled e-knihy:
PDF Epub
Pro půjčování e-knih musíte být přihlášeni.
Jak si půjčit online?

Vardari. Železný vlk /

Kniha norské držitelky mnoha literárních ocenění je mysteriózní fantasy román, jehož děj vychází ze starých severských mýtů.

Uloženo v:
Série:Vardari, část 1
Hlavní autor: Pettersen, Siri, 1971- (Autor)
Další autoři: Jindřišková, Jitka, 1985- (Autor)
Médium: E-kniha
Jazyk:Czech
Vydáno: Brno : Host, 2021
Vydání:První vydání
Témata:
Příbuzné jednotky:Z cyklu:: Vardari
Tagy:
Žádné tagy
LEADER 02488nam a2200469 i 4500
001 311445
003 CZ PrSKC
005 20260601215705.0
007 ta
008 211102s2021 xr g 000 f cze
015 |a cnb003369503 
020 |a 9788027507832  |q (vázáno) 
035 |a (OCoLC)1302727957 
040 |a ABG001  |b cze  |d ABA001  |e rda 
041 1 |a cze  |h nor 
072 7 |a 821.11  |x Germánské literatury  |2 Konspekt 
080 |a 821.113.5-31  |2 MRF 
080 |a (0:82-312.9)  |2 MRF 
100 1 |a Pettersen, Siri,  |d 1971-  |7 mzk2016914498  |4 aut 
240 1 0 |a Jernulven.  |l Česky 
245 1 0 |a Vardari.  |p Železný vlk /  |c Siri Pettersenová ; přeložila Jitka Jindřišková 
246 3 0 |a Železný vlk 
250 |a První vydání 
264 1 |a Brno :  |b Host,  |c 2021 
300 |a 435 stran ;  |c 22 cm 
336 |a text  |b txt  |2 rdacontent 
337 |a bez média  |b n  |2 rdamedia 
338 |a svazek  |b nc  |2 rdacarrier 
500 |a Přeloženo z norštiny 
520 2 |a Kniha norské držitelky mnoha literárních ocenění je mysteriózní fantasy román, jehož děj vychází ze starých severských mýtů.  |b Juva nenávidí krvezpytce, kteří se těší úctě pro své jasnovidecké schopnosti, a přitom jsou to podvodníci, co využívají strachu, hromadí majetek a baží po moci. To ví Juva až moc dobře, ke krvezpytcům totiž patří i její rodina a ona sama přísahala, že se nikdy nestane jednou z nich. Když ale dívčinu rodinu napadnou vardari, záhadné nestárnoucí bytosti, zaplete se do honby za dědictvím svého rodu -- temným tajemstvím, které kdysi změnilo svět a nyní ho může přetvořit znovu. Nakladatelská anotace. Kráceno. 
546 |a Český text 
655 7 |a norské romány  |7 fd132917  |2 czenas 
655 7 |a fantasy romány  |7 fd184199  |2 czenas 
655 9 |a Norwegian fiction  |2 eczenas 
655 9 |a fantasy novels  |2 eczenas 
700 1 |a Jindřišková, Jitka,  |d 1985-  |7 xx0124831  |4 trl 
787 0 8 |i Z cyklu:  |t Vardari  |g 1 
900 |a ABA001  |b 20 
044 |a xr 
910 |a RBIT002 
998 |d 337948  |a https://core.palmknihy.cz/api/books/337948/cover?r170uf  |b https://core.palmknihy.cz/api/books/337948/cover/400?r170uf  |c https://core.palmknihy.cz/api/books/337948/cover/50?r170uf  |e 2026-09-04  |g 440  |i 9788027507832  |j https://core.palmknihy.cz/api/books/337948/preview.epub  |k https://core.palmknihy.cz/api/books/337948/preview.pdf  |l   |q 49  |r 1  |s https://www.palmknihy.cz/kniha/337948  |t ebook  |y 2021  |z 0  |v Vardari  |w 1 
999 |d 311443